| 000 -LEADER |
| fixed length control field |
01600cam a2200373 i 4500 |
| 001 - CONTROL NUMBER |
| control field |
18085525 |
| 003 - CONTROL NUMBER IDENTIFIER |
| control field |
NUST |
| 005 - DATE AND TIME OF LATEST TRANSACTION |
| control field |
20180523061231.0 |
| 008 - FIXED-LENGTH DATA ELEMENTS--GENERAL INFORMATION |
| fixed length control field |
140328t20152015nju b 001 0 eng |
| 010 ## - LIBRARY OF CONGRESS CONTROL NUMBER |
| LC control number |
2014007305 |
| 020 ## - INTERNATIONAL STANDARD BOOK NUMBER |
| International Standard Book Number |
9781118721407 (cloth) |
| 020 ## - INTERNATIONAL STANDARD BOOK NUMBER |
| International Standard Book Number |
1118721403 (cloth) |
| 038 ## - RECORD CONTENT LICENSOR |
| Staff Name |
SNS Library |
| 040 ## - CATALOGING SOURCE |
| Original cataloging agency |
DLC |
| Language of cataloging |
eng |
| Transcribing agency |
DLC |
| Description conventions |
rda |
| Modifying agency |
DLC |
| 042 ## - AUTHENTICATION CODE |
| Authentication code |
pcc |
| 050 00 - LIBRARY OF CONGRESS CALL NUMBER |
| Classification number |
QA387 |
| Item number |
.A77 2015 |
| 082 00 - DEWEY DECIMAL CLASSIFICATION NUMBER |
| Classification number |
515.353 |
| Edition number |
23 |
| 100 1# - MAIN ENTRY--PERSONAL NAME |
| Personal name |
Arrigo, Daniel J. |
| Fuller form of name |
(Daniel Joseph), |
| Dates associated with a name |
1960- |
| 9 (RLIN) |
10475 |
| 245 10 - TITLE STATEMENT |
| Title |
Symmetry analysis of differential equations : |
| Remainder of title |
an introduction / |
| Statement of responsibility, etc. |
Daniel J. Arrigo, Department of Mathematics, University of Central Arkansas, Conway, AR. |
| 264 #1 - PRODUCTION, PUBLICATION, DISTRIBUTION, MANUFACTURE, AND COPYRIGHT NOTICE |
| Place of production, publication, distribution, manufacture |
Hoboken, New Jersey : |
| Name of producer, publisher, distributor, manufacturer |
Wiley, |
| Date of production, publication, distribution, manufacture, or copyright notice |
[2015] |
| 300 ## - PHYSICAL DESCRIPTION |
| Extent |
xiii, 176 pages ; |
| Dimensions |
25 cm |
| 336 ## - CONTENT TYPE |
| Content type term |
text |
| Source |
rdacontent |
| 337 ## - MEDIA TYPE |
| Media type term |
unmediated |
| Source |
rdamedia |
| 338 ## - CARRIER TYPE |
| Carrier type term |
volume |
| Source |
rdacarrier |
| 504 ## - BIBLIOGRAPHY, ETC. NOTE |
| Bibliography, etc. note |
Includes bibliographical references (pages 171-174) and index. |
| 650 #0 - SUBJECT ADDED ENTRY--TOPICAL TERM |
| Topical term or geographic name entry element |
Lie groups |
| Form subdivision |
Textbooks. |
| 9 (RLIN) |
10476 |
| 650 #0 - SUBJECT ADDED ENTRY--TOPICAL TERM |
| Topical term or geographic name entry element |
Lie groups |
| General subdivision |
Study and teaching (Higher) |
| 9 (RLIN) |
10477 |
| 650 #0 - SUBJECT ADDED ENTRY--TOPICAL TERM |
| Topical term or geographic name entry element |
Lie groups |
| General subdivision |
Study and teaching (Graduate) |
| 9 (RLIN) |
10478 |
| 650 #0 - SUBJECT ADDED ENTRY--TOPICAL TERM |
| Topical term or geographic name entry element |
Differential equations, Partial |
| Form subdivision |
Textbooks. |
| 9 (RLIN) |
10479 |
| 776 08 - ADDITIONAL PHYSICAL FORM ENTRY |
| Relationship information |
Online version: |
| Main entry heading |
Arrigo, Daniel J. (Daniel Joseph), 1960- |
| Title |
Symmetry analysis of differential equations |
| Place, publisher, and date of publication |
Hoboken, New Jersey : John Wiley & Sons, Inc., [2014] |
| International Standard Book Number |
9781118721445 |
| Record control number |
(DLC) 2014012733 |
| 906 ## - LOCAL DATA ELEMENT F, LDF (RLIN) |
| a |
7 |
| b |
cbc |
| c |
orignew |
| d |
1 |
| e |
ecip |
| f |
20 |
| g |
y-gencatlg |
| 942 ## - ADDED ENTRY ELEMENTS (KOHA) |
| Source of classification or shelving scheme |
|
| Koha item type |
Book |